Machine drawing with autocad (Record no. 572124)

000 -LEADER
fixed length control field 00483, Goa2200181hos4500
003 - CONTROL NUMBER IDENTIFIER
control field CEME
005 - DATE AND TIME OF LATEST TRANSACTION
control field 20210628203103.0
008 - FIXED-LENGTH DATA ELEMENTS--GENERAL INFORMATION
fixed length control field 210118b xxu||||| |||| 00| 0 eng d
020 ## - INTERNATIONAL STANDARD BOOK NUMBER
International Standard Book Number 81-297-0474-9
040 ## - CATALOGING SOURCE
Transcribing agency ceme
082 ## - DEWEY DECIMAL CLASSIFICATION NUMBER
Classification number 620.0042 POH
100 ## - MAIN ENTRY--PERSONAL NAME
Personal name POHIT, GOUTAM , GHOSH, GOUTAM
9 (RLIN) 63241
245 ## - TITLE STATEMENT
Title Machine drawing with autocad
260 ## - PUBLICATION, DISTRIBUTION, ETC.
Place of publication, distribution, etc. DELHI
Name of publisher, distributor, etc. PEARSON EDUCATION
Date of publication, distribution, etc. 2005
300 ## - PHYSICAL DESCRIPTION
Extent XVI,471 P
650 ## - SUBJECT ADDED ENTRY--TOPICAL TERM
Topical term or geographic name entry element MACHINE DRAWING WITH AUTOCAD
9 (RLIN) 63242
942 ## - ADDED ENTRY ELEMENTS (KOHA)
Koha item type Book
Source of classification or shelving scheme
Holdings
Withdrawn status Lost status Source of classification or shelving scheme Damaged status Not for loan Permanent Location Current Location Shelving location Date acquired Full call number Barcode Date last seen Price effective from Koha item type Public note
          College of Electrical & Mechanical Engineering (CEME) College of Electrical & Mechanical Engineering (CEME) General Stacks 07/25/2017 620.0042 POH CEME-42028 06/28/2021 06/28/2021 Book 4.1
© 2023 Central Library, National University of Sciences and Technology. All Rights Reserved.